Top Five US States By Category #1 - Statistics

General Stats
  • This quiz has been taken 67 times
  • The average score is 38 of 39
Answer Stats
Answer % Correct
Largest by Area Alaska
100%
Longest Coastlines Alaska
100%
Highest Elevations Alaska
100%
Most National Parks Alaska
100%
Most National Parks Arizona/Florida/Washington
100%
Most Populous California
100%
Largest by Area California
100%
Highest GDP California
100%
Most Electoral Votes California
100%
Longest Coastlines California
100%
Highest Elevations California
100%
Most National Parks California
100%
Most Electoral Votes Illinois/Pennsylvania
100%
Most Populous New York
100%
Highest GDP New York
100%
Most Electoral Votes New York
100%
Most Populous Texas
100%
Largest by Area Texas
100%
Highest GDP Texas
100%
Most Electoral Votes Texas
100%
Highest Elevations Colorado
98%
Most National Parks Colorado
98%
Most Populous Florida
98%
Highest GDP Florida
98%
Most Electoral Votes Florida
98%
Longest Coastlines Florida
98%
Longest Coastlines Maine
97%
Largest by Area Montana
97%
Highest Elevations Washington
97%
Oldest States Delaware
95%
Oldest States Connecticut
93%
Most Populous Pennsylvania
93%
Oldest States Pennsylvania
93%
Highest GDP Illinois
90%
Highest Elevations Wyoming
88%
Oldest States New Jersey
85%
Largest by Area New Mexico
85%
Oldest States Georgia
83%
Longest Coastlines Louisiana
83%
No matching quizzes found
Score Distribution
Percent of People with Each Score
Percentile by Number Answered
Your Score History
You have not taken this quiz